ROBLOX GAMES - Statistics

General Stats
  • This quiz has been taken 427 times
  • The average score is 11 of 15
Answer Stats
Hint Answer % Correct
U collect coins and with those coins u unlock pets and worlds Pet Simulator X
90%
A game where ur in class and u must ruin the presentation The Presentation Experience
88%
New story game inspired by the new McDonald's drink Grimace (Story)
85%
U Slap people and unlock new and stronger hands Slap Battles
85%
A Donation Game that is very popular Pls Donate
84%
U create art in a skate park with Sprays Spray Paint
84%
U deliver Pizzas to customers Work at a pizza place
82%
U Workout and keep lifting heavier and heavier Items Strongman Simulator
81%
U sell stuff and try to get rich Billionaire Simulator
80%
U accidentally got put in jail and u have to try escape Prison Life
80%
U try to score goals and if u score lots u get on the leaderboard Touch Football
80%
The most popular Role-playing game on roblox Brookhaven
75%
You have to work and u get payed and then u decorate ur custom home Bloxburg
38%
There are lots of things to explore and then u can fight other People in a room DOORS
32%
This game is over 2 years old but people still love it Squid Game
19%
No matching quizzes found
Score Distribution
Percent of People with Each Score
Percentile by Number Answered
Your Score History
You have not taken this quiz